| 000 | 00000nam 2200000zi 4500 |
| 001 | 9.935240 |
| 003 | CaOODSP |
| 005 | 20250731082941 |
| 006 | m o d f |
| 007 | cr mn||||||||| |
| 008 | 240311t20242024oncd o f000 0 eng d |
| 020 | |a9780660707365 |
| 040 | |aCaOODSP|beng|erda|cCaOODSP |
| 043 | |an-cn--- |
| 086 | 1 |aM144-294/2024E-PDF |
| 245 | 00|a2024 greening freight programs industry survey : |bfinal report / |cprepared for Natural Resources Canada. |
| 264 | 1|a[Ottawa] : |bNatural Resources Canada = Ressources naturelles Canada, |c2024. |
| 264 | 4|c©2024 |
| 300 | |a1 online resource (39 pages) : |bgraphs + |e1 executive summary (5 pages) |
| 336 | |atext|btxt|2rdacontent |
| 337 | |acomputer|bc|2rdamedia |
| 338 | |aonline resource|bcr|2rdacarrier |
| 500 | |aCover title. |
| 500 | |a"Supplier Name: Phoenix SPI." |
| 500 | |a"Contract Number: CW2341261." |
| 500 | |a"Registration Number: POR # 097-23." |
| 500 | |a"Delivery Date: 2024-03-27." |
| 500 | |aIssued also in French under title: Sondage de 2024 sur les programmes de transport écoénergétique de marchandises mené auprès de l'industrie : rapport final. |
| 520 | |a"NRCan’s Greening Freight Programs (SmartWay, SmartDriver and the Green Freight Program) are three programs that provide training, tools, and resources to help Canada’s fleets lower fuel consumption, operating costs, and harmful vehicle emissions. The purpose of the research was to assess perspectives on reducing fuel use and improving energy efficiency in freight transportation among the MDHV industry"--Executive summary, page 1. |
| 650 | 0|aTrucking|xEnergy consumption|xGovernment policy|zCanada|xPublic opinion. |
| 650 | 0|aTrucks|xFuel consumption|xGovernment policy|zCanada|xPublic opinion. |
| 650 | 0|aTrucks|xMotors|xExhaust gas|xGovernment policy|zCanada|xPublic opinion. |
| 650 | 0|aPublic opinion|zCanada. |
| 710 | 1 |aCanada. |bNatural Resources Canada, |eissuing body. |
| 710 | 2 |aPhoenix Strategic Perspectives Inc., |econsultant. |
| 775 | 08|tSondage de 2024 sur les programmes de transport écoénergétique de marchandises mené auprès de l'industrie : |w(CaOODSP)9.935241 |
| 794 | |t2025 greening freight programs industry survey : |w(CaOODSP)9.948249 |
| 795 | |t2022-2023 : |b2023|w(CaOODSP)9.919705 |
| 856 | 40|qPDF|s1.42 MB|uhttps://publications.gc.ca/collections/collection_2024/rncan-nrcan/M144-294-2024-eng.pdf|zFinal report |
| 856 | 40|qPDF|s372 KB|uhttps://publications.gc.ca/collections/collection_2024/rncan-nrcan/M144-294-2024-1-eng.pdf|zExecutive summary |
| 856 | 4 |qHTML|sN/A|uhttps://epe.bac-lac.gc.ca/100/200/301/pwgsc-tpsgc/por-ef/natural_resources/2024/097-23-e/097-23-report.html|zFinal report |
| 856 | 4 |qHTML|sN/A|uhttps://epe.bac-lac.gc.ca/100/200/301/pwgsc-tpsgc/por-ef/natural_resources/2024/097-23-e/summary/097-23-summary.html|zExecutive summary |